Lanean...

Digital Copyright 2nd edn

Xehetasun bibliografikoak
Egile nagusia: Paul Pedley
Argitaratua: FACET 2007
LEADER 00190 a2200097 4500
020
260 |b FACET  |c 2007 
942 |c BB  |6 _ 
245 |a Digital Copyright 2nd edn 
100 |a Paul Pedley 
999 |c 60529  |d 60529